Responsabilidad social empresaria (Registro nro. 787)
[ vista simple ]
| 000 -LEADER | |
|---|---|
| fixed length control field | 01101 a2200217 4500 |
| 001 - CONTROL NUMBER | |
| control field | 21212 |
| 005 - DATE AND TIME OF LATEST TRANSACTION | |
| control field | 20260407155503.0 |
| 008 - FIXED-LENGTH DATA ELEMENTS--GENERAL INFORMATION | |
| fixed length control field | 260407a2006 arg spa d |
| 003 - CONTROL NUMBER IDENTIFIER | |
| control field | AR-UNSa-BCEJYS |
| 040 ## - CATALOGING SOURCE | |
| Original cataloging agency | AR-UNSa-BCEJYS |
| Language of cataloging | spa |
| Transcribing agency | AR-UNSa-BCEJYS |
| 080 ## - UNIVERSAL DECIMAL CLASSIFICATION NUMBER | |
| Universal Decimal Classification number | 174:65 |
| Common auxiliary subdivision | Etica en gestión y organización de la industria (Responsabilidad Social Empresaria) |
| 020 ## - INTERNATIONAL STANDARD BOOK NUMBER | |
| International Standard Book Number | 978-987-1281-23-7 |
| 100 1# - MAIN ENTRY--PERSONAL NAME | |
| Personal name | García Fronti, Inés M. |
| 245 10 - TITLE STATEMENT | |
| Title | Responsabilidad social empresaria |
| Name of part/section of a work | informes contables sobre su cumplimiento |
| 264 #1 - PRODUCTION, PUBLICATION, DISTRIBUTION, MANUFACTURE, AND COPYRIGHT NOTICE | |
| Place of production, publication, distribution, manufacture | Buenos Aires : |
| Name of producer, publisher, distributor, manufacturer | EDICON (Fondo Editorial Consejo) |
| Date of production, publication, distribution, manufacture, or copyright notice | 2006 |
| 300 ## - PHYSICAL DESCRIPTION | |
| Extent | 166 p. |
| Dimensions | 21 cm. |
| 505 ## - FORMATTED CONTENTS NOTE | |
| Formatted contents note | 1. Teorías relacionadas con la contabilidad y la RSE - 2. Sistema contable para el cumplimiento de la RSE - 3. Informes sobre la RSE - 4. Emisores y usuarios de los informes sobre la RSE - 5. Inversores éticos y mercados financieros - 6. Algunas reflexiones finales |
| 590 ## - LOCAL NOTE (RLIN) | |
| Local note | niveau_biblio:m niveau_hierar:0 |
| 856 41 - ELECTRONIC LOCATION AND ACCESS | |
| Uniform Resource Identifier | <a href="https://biblioeco.unsa.edu.ar/pmb/images/libros/Responsabilidad social empresaria-l119248.jpg">https://biblioeco.unsa.edu.ar/pmb/images/libros/Responsabilidad social empresaria-l119248.jpg</a> |
| Link text | Imagen de portada |
| Electronic format type | image/jpeg |
| 942 ## - ADDED ENTRY ELEMENTS (KOHA) | |
| Koha item type | |
| Withdrawn status | Lost status | Damaged status | Not for loan | Home library | Current library | Shelving location | Date acquired | Total checkouts | Full call number | Barcode | Date last seen | Price effective from | Koha item type |
|---|---|---|---|---|---|---|---|---|---|---|---|---|---|
| Biblioteca Prof. Eusebio Cleto del Rey | Biblioteca Prof. Eusebio Cleto del Rey | 07/04/2026 | 174:65 G216 | L119248 | 07/04/2026 | 07/04/2026 | Libro | ||||||
| Biblioteca Prof. Eusebio Cleto del Rey | Biblioteca Prof. Eusebio Cleto del Rey | 07/04/2026 | 174:65 G216 | L119249 | 07/04/2026 | 07/04/2026 | Libro | ||||||
| Biblioteca Prof. Eusebio Cleto del Rey | Biblioteca Prof. Eusebio Cleto del Rey | 07/04/2026 | 174:65 G216 | L119250 | 07/04/2026 | 07/04/2026 | Libro |